000 00395pab a2200169 454500
008 180718b2011 xxu||||| |||| 00| 0 eng d
100 _aBanerjee, Sumanta
245 _aBreeding 'black sheep'
260 _c2011
300 _ap.10-13.
362 _a8 Jan
650 _aCorruption
650 _aFinancial markets
773 _aEconomic and Political Weekly
908 _aN
909 _a90457
999 _c90457
_d90457